000 00335 a2200157 4500
001 62885
020 _a9788580414233
040 _cAnchieta - Pituba
100 _aForman, Gayle
240 1 0 _aEu estive aqui
_lpor
245 1 0 _aEu estive aqui
300 _a228
362 0 _a2015
650 4 _aFicção norte-americana
942 _cBK
999 _c62885
_d62885